Statistics for Russian Inventions

Click here to take the quiz!

General Stats

  • This quiz has been taken 10,877 times
    (10,858 since last reset)
  • The average score is 11 of 20

Answer Stats

ClueAnswer% Correct
Sputnik was the first oneArtificial satellite
91%
The world's first ______ power plantNuclear
88%
Type of "table" first published by Mendeleev in 1860{Periodic} Table
87%
World's most-popular military rifle modelAK-47
86%
Blocky video gameTetris
84%
Children's toy that fits one inside the otherMatryoshka {doll}
78%
The earliest form of this amusement park rideRoller Coaster
67%
Jewelled egg{Fabergé} Egg
65%
Type of ship that navigates through ice-covered watersIcebreaker
64%
Salyut 1 was the first, but Mir was the more famousSpace station
56%
The discovery of this huge area of land in 1820Antarctica
53%
The first ICBM that could be launched from one of theseSubmarine
38%
Metal urn for making teaSamovar
35%
Russia was the first country to introduce this type of currency, with one ruble
divided into 100 kopeks. The U.K. wouldn't do it until 1971.
{Decimal} currency
30%
Type of dome seen on many Russian cathedrals{Onion} Dome
30%
The first practical way to manufacture these diamond lookalikesCubic Zirconia
28%
Thin Russian pancakesBlini
27%
Carriage drawn by three horsesTroika
22%
Infectious agent first discovered by Dmitri Ivanovsky in 1892Virus
21%
Pavlov's discovery that he could make a dog salivate by ringing a bell, for example{Classical} Conditioning
15%

Score Distribution

Percentile by Number Answered

Percent of People with Each Score

Your Score History

You have not taken this quiz since the last reset